| 000 | 00716nam a2200205Ii 4500 | ||
|---|---|---|---|
| 003 | JO-AjNU | ||
| 008 | 230605s9999||||xx |||||||||||||| ||und|| | ||
| 040 |
_aJO-AjNU _bara _erda _cJO-AjNU |
||
| 041 | _aara | ||
| 050 | 1 | 4 | _aBF38.A2 1994 |
| 100 | 3 |
_aعوض، عباس محمود, _eauthor _952667 |
|
| 245 | 0 | 0 | _aعلم النفس العام |
| 250 | _aطبعة مزيدة ومنقحة | ||
| 264 | 3 | 1 | _aالاسكندرية: دار المعرفة الجامعية، 1994 |
| 300 |
_a585ص _bالمراجع ص553-560 ؛ فهرس المصطلحات ص 563-580 |
||
| 336 |
_atext _btxt _2rdacontent |
||
| 337 |
_aunmediated _bn _2rdamedia |
||
| 338 |
_avolume _bnc _2rdacarrier |
||
| 650 | 4 |
_aعلم النفس _952668 |
|
| 999 |
_aA23344 _c26912 _d26912 |
||